Green culture : environmental rhetoric in contemporary America

Αποθηκεύτηκε σε:
Λεπτομέρειες βιβλιογραφικής εγγραφής
Άλλοι συγγραφείς: Herndl, Carl George (Επιμελητής έκδοσης), Brown, Stuart C. (Stuart Cameron), 1955- (Επιμελητής έκδοσης)
Μορφή: Βιβλίο
Γλώσσα:English
Δημοσίευση: Madison, Wis. : University of Wisconsin Press, c1996
Θέματα:
Ετικέτες: Προσθήκη ετικέτας
Δεν υπάρχουν, Καταχωρήστε ετικέτα πρώτοι!

MARC

LEADER 00000cam a2200000 i 4500
001 1/103268
008 090326s1996 eng d
020 |a 978-0-299-14994-9 (pbk.) 
020 |a 0-299-14994-3 (hbk.) 
020 |a 0-299-14990-0 
035 |l 10103981 
040 |a GR-MY-UA  |b gre  |e aacr 
041 0 |a eng 
082 0 |a 320.580973  |2 (22) 
245 1 0 |a Green culture :  |b environmental rhetoric in contemporary America /  |c edited by Carl G. Herndl and Stuart C. Brown 
260 |a Madison, Wis. :   |b University of Wisconsin Press,   |c c1996 
300 |a xii, 315 σ.;  |b εικ., 1 χάρτης;  |c 24 εκ. 
504 |a Περιέχει βιβλιογραφικές παραπομπές και ευρετήριο 
650 0 0 |a Environmental ethics  |z United States. 
650 0 0 |a Green movement  |z United States. 
650 0 0 |a Environmentalism  |z United States. 
700 1 |a Herndl, Carl George.  |4 edt 
700 1 |a Brown, Stuart C.   |q (Stuart Cameron),   |d 1955-  |4 edt 
852 |a INST  |b LESVOS  |e 20090326  |h 320.580973 GRE  |p 005100044626  |q 005100044626  |t BK  |y 0 
852 |a INST  |b LESVOS  |e 20100715  |h 320.580973 GRE  |p 005100048170  |q 005100048170  |t BK  |y 0 
901 |a BIBL1-2009-1 
909 |a Λ  |b 154073 
909 |a Λ  |b 165836 
922 |a 1ΕΛΗ  |b 200809  |c ΕΠΕΑΕΚ2/ΤΠ  |d ΜΙΧΑΛΟΠΟΥΛΟΣ 
970 |a ΚΑΡΑ  |b ΓΙΑΣΕΜΗ  |z 2009/03/26